| Record ID | ia:saintaugustineth0000matt |
| Source | Internet Archive |
| Download MARC XML | https://archive.org/download/saintaugustineth0000matt/saintaugustineth0000matt_marc.xml |
| Download MARC binary | https://www.archive.org/download/saintaugustineth0000matt/saintaugustineth0000matt_meta.mrc |
LEADER: 01071cam a22003254a 4500
001 2006040960
003 DLC
005 20070124082905.0
008 060209s2006 enk b 001 0 eng
010 $a 2006040960
015 $aGBA652891$2bnb
016 7 $a013486100$2Uk
020 $a0826487793 (hardback)
020 $a9780826487797 (hardback)
035 $a(OCoLC)ocm64098571
035 $a(OCoLC)64098571
040 $aDLC$cDLC$dYDX$dBAKER$dYUS$dBTCTA$dYDXCP$dUKM$dDLC
042 $apcc
050 00 $aBR65.A9$bM37 2006
082 00 $a172/.42$222
100 1 $aMattox, John Mark.
245 10 $aSaint Augustine and the theory of just war /$cJohn Mark Mattox.
260 $aLondon ;$aNew York :$bContinuum,$c2006.
300 $ax, 196 p. ;$c24 cm.
440 0 $aContinuum studies in philosophy
504 $aIncludes bibliographical references (p. [180]-190) and index.
600 00 $aAugustine,$cSaint, Bishop of Hippo.
650 0 $aJust war doctrine.
650 0 $aWar$xReligious aspects$xChristianity.
600 00 $aAugustine,$cSaint, Bishop of Hippo.$xInfluence.